Kỹ thuật an toàn - vệ sinh lao động và phòng chống cháy, nổ trong xây dựng /
Các văn bản của nhà nước và của các ngành về công tác bảo hộ lao động; Kỹ thuật an toàn lao động trong xây dựng; Vệ sinh lao động trong xây dựng; Kỹ thuật phòng cháy - chữa cháy trong xây dựng; Các chế độ, chính sách, quyền và nghĩa vụ đối với người sử dụng lao động và người lao động....
Αποθηκεύτηκε σε:
| Κύριος συγγραφέας: | |
|---|---|
| Μορφή: | Βιβλίο |
| Γλώσσα: | Vietnamese |
| Θέματα: | |
| Ετικέτες: |
Προσθήκη ετικέτας
Δεν υπάρχουν, Καταχωρήστε ετικέτα πρώτοι!
|
| Thư viện lưu trữ: | Mạng thư viện Đại học Đà Nẵng |
|---|
| LEADER | 02466cam a2200433 a 4500 | ||
|---|---|---|---|
| 001 | 000044208 | ||
| 003 | 2480 | ||
| 005 | 20211101092031.0 | ||
| 008 | 010217b2004 vm 000 vie | ||
| 020 | |c 45000 | ||
| 040 | |a LRC |b LRC |d LRC | ||
| 041 | 0 | |a vie | |
| 082 | 1 | 4 | |a 690.0289 |b BU-H |
| 100 | 1 | |a Bùi Mạnh Hùng. | |
| 245 | 1 | 0 | |a Kỹ thuật an toàn - vệ sinh lao động và phòng chống cháy, nổ trong xây dựng / |c Bùi Mạnh Hùng. |
| 264 | |a Hà Nội : |b Khoa học và kỹ thuật, |c 2004. | ||
| 300 | |a 286 tr. : |b mh. ; |c 27 cm. | ||
| 520 | 3 | |a Các văn bản của nhà nước và của các ngành về công tác bảo hộ lao động; Kỹ thuật an toàn lao động trong xây dựng; Vệ sinh lao động trong xây dựng; Kỹ thuật phòng cháy - chữa cháy trong xây dựng; Các chế độ, chính sách, quyền và nghĩa vụ đối với người sử dụng lao động và người lao động. | |
| 526 | 0 | |a Kỹ thuật xây dựng | |
| 630 | 0 | 4 | |a Xây dựng. |
| 630 | 0 | 4 | |a An toàn lao động. |
| 630 | 0 | 4 | |a Vệ sinh lao động. |
| 630 | 0 | 4 | |a Chống cháy. |
| 650 | 0 | 4 | |a Bảo hộ lao động. |
| 650 | 0 | 4 | |a Chống cháy nổ. |
| 910 | |a TTQDUNG | ||
| OWN | |a DUT | ||
| AVA | |a UDN50 |b DUT |c Book |d 690.0289 BU-H |e available |t Error 5001 Not defined in file expand_doc_bib_avail. |f 5 |g 0 |h N |i 0 |j SH |k 1 | ||
| Z40 | 3 | |y Kỹ thuật an toàn - vệ sinh lao động và phòng chống cháy, nổ trong xây dựng |l Library of DUT |t VIEW |x http://catalog.udn.vn:80/F?func=service&doc_library=UDN01&local_base=UDN01&doc_number=000044208&sequence=000001&line_number=0001&func_code=DB_RECORDS&service_type=MEDIA |f DUT2480_KTATVSLPCCNTXD1_000013691.pdf |e pdf |s 043622653 |k 20211101 |m TTQDUNG | |
| 999 | |a From the UDN01 | ||
| AVA | |a UDN50 |b DUT |c Book |d 690.0289 BU-H |e available |t Error 5001 Not defined in file expand_doc_bib_avail. |f 5 |g 0 |h N |i 0 |j SH |k 1 | ||
| TYP | |a Monograph | ||
| TYP | |a Printed language | ||
| 856 | |y Kỹ thuật an toàn - vệ sinh lao động và phòng chống cháy, nổ trong xây dựng |l Library of DUT |t VIEW |x http://catalog.udn.vn:80/F?func=service&doc_library=UDN01&local_base=UDN01&doc_number=000044208&sequence=000001&line_number=0001&func_code=DB_RECORDS&service_type=MEDIA |f DUT2480_KTATVSLPCCNTXD1_000013691.pdf |e pdf |s 043622653 |k 20211101 |m TTQDUNG | ||
| 980 | |a Mạng thư viện Đại học Đà Nẵng | ||